Vyhliadky rastu eurozóny sa na rok 2000 výrazne zlepšili
Očakávané zníženie rozdielu medzi hospodárskym vývojom v Európe a USA. Optimistické vyhliadky hospodárskeho rastu eurozóny. Ekonomické ukazovatele vybraných krajín eurozóny v roku 1999. Vývoj eura.
Salvato in:
| Natura: | Capitolo di libro |
|---|---|
| Lingua: | slovacco |
| Soggetti: | |
| Tags: |
Nessun Tag, puoi essere il primo ad aggiungerne!!
|
MARC
| LEADER | 00000naa a2200000 4500 | ||
|---|---|---|---|
| 001 | r037231 | ||
| 005 | 20230824104745.7 | ||
| 041 | 0 | |a slo | |
| 044 | |a SK | ||
| 245 | 1 | 0 | |a Vyhliadky rastu eurozóny sa na rok 2000 výrazne zlepšili |
| 520 | |a Očakávané zníženie rozdielu medzi hospodárskym vývojom v Európe a USA. Optimistické vyhliadky hospodárskeho rastu eurozóny. Ekonomické ukazovatele vybraných krajín eurozóny v roku 1999. Vývoj eura. | ||
| 610 | 2 | 0 | |a rast hospodársky |
| 610 | 2 | 0 | |a Európa |
| 610 | 2 | 0 | |a Európska únia |
| 610 | 2 | 0 | |a USA |
| 610 | 2 | 0 | |a ukazovatele ekonomické |
| 610 | 2 | 0 | |a nezamestnanosť |
| 610 | 2 | 0 | |a euro |
| 610 | 2 | 0 | |a 1999 |
| 610 | 2 | 0 | |a 2000 |